[Event "Cantabria-ch"]
[Site "Cantabria"]
[Date "2009.04.18"]
[Round "5"]
[White "Cornejo De Poo, Alvaro"]
[Black "Pordomingo Rodriguez, Jose Antonio"]
[Result "0-1"]
[WhiteElo "1888"]
[BlackElo "1816"]
[PlyCount "48"]
[EventDate "2009.03.14"]
[EventType "swiss"]
[EventRounds "7"]
[EventCountry "ESP"]
[SourceTitle "EXT 2024"]
[Source "ChessBase"]
[SourceDate "2023.10.10"]
[SourceVersion "1"]
[SourceVersionDate "2023.10.10"]
[SourceQuality "1"]

1. c4 Nf6 2. Nc3 e6 3. Nf3 c5 4. d4 cxd4 5. Nxd4 a6 6. Bd2 Nc6 7. Nxc6 bxc6 8. e4 d5 9. cxd5 cxd5 10. exd5 Nxd5 11. Nxd5 Qxd5 12. Bc3 Bb7 13. Qxd5 Bxd5 14. Rg1 f6 15. Bd3 Bd6 16. g3 0-0 17. a3 a5 18. Ke2 e5 19. b4 Rfc8 20. Rgc1 e4 21. Bb1 axb4 22. Bd2 Rxc1 23. Bxc1 Be5 24. Ba2 b3 0-1

[Event "Cantabria-ch"]
[Site "Cantabria"]
[Date "2009.03.14"]
[Round "1"]
[White "Pordomingo Rodriguez, Jose Antonio"]
[Black "Castro Rubin De Celis, Carlos"]
[Result "1-0"]
[WhiteElo "1816"]
[BlackElo "1629"]
[PlyCount "57"]
[EventDate "2009.03.14"]
[EventType "swiss"]
[EventRounds "7"]
[EventCountry "ESP"]
[SourceTitle "EXT 2024"]
[Source "ChessBase"]
[SourceDate "2023.10.10"]
[SourceVersion "1"]
[SourceVersionDate "2023.10.10"]
[SourceQuality "1"]

1. d4 d5 2. c4 e6 3. Nf3 Nf6 4. Bg5 Be7 5. e3 0-0 6. Nc3 Nc6 7. Bd3 b6 8. a3 a5 9. Rc1 Ba6 10. Qe2 Qd6 11. Bf4 Qd8 12. Nb5 Rc8 13. h3 Ne4 14. cxd5 Bxb5 15. Bxb5 Na7 16. Ba6 Rb8 17. Bxc7 Rc8 18. Bxc8 Qxc8 19. 0-0 Qb7 20. dxe6 fxe6 21. Qc4 Kf7 22. Ne5+ Kf6 23. Nd7+ Kf7 24. Nxf8 Nd2 25. Qxe6+ Kxf8 26. Rfd1 Nf3+ 27. gxf3 Qxf3 28. Qg4 Qd5 29. Bxb6 1-0